[Event "Arab Clubs-chT 11th"]
[Site "Tunis"]
[Date "2009.12.15"]
[Round "5"]
[White "Hakki, Imad"]
[Black "Amin, Bassem"]
[Result "1/2-1/2"]
[WhiteElo "2407"]
[BlackElo "2553"]
[PlyCount "60"]
[EventDate "2009.12.12"]
[EventType "team-swiss"]
[EventRounds "9"]
[EventCountry "TUN"]
[SourceTitle "EXT 2020"]
[Source "ChessBase"]
[SourceDate "2019.10.17"]
[SourceVersion "1"]
[SourceVersionDate "2019.10.17"]
[SourceQuality "1"]
[WhiteTeam "Al Mohafza"]
[BlackTeam "El Dakhlia"]
[WhiteTeamCountry "SYR"]
[BlackTeamCountry "EGY"]

1. Nf3 Nf6 2. c4 e6 3. g3 c5 4. Nc3 b6 5. Bg2 Bb7 6. 0-0 Be7 7. d4 cxd4 8. Qxd4 0-0 9. Rd1 d6 10. b3 Nbd7 11. e4 a6 12. Ba3 Nc5 13. e5 dxe5 14. Qxd8 Rfxd8 15. Nxe5 Bxg2 16. Kxg2 Rdc8 17. Na4 Rab8 18. Bxc5 Bxc5 19. Nxc5 Rxc5 20. f4 b5 21. Rd6 bxc4 22. bxc4 h5 23. Rad1 Ng4 24. Rd8+ Rxd8 25. Rxd8+ Kh7 26. Nxf7 Rxc4 27. Rd2 Kg6 28. Nd6 Ne3+ 29. Kf2 Ng4+ 30. Kg2 Ne3+ 1/2-1/2

[Event "Arab Clubs-chT 11th"]
[Site "Tunis"]
[Date "2009.12.14"]
[Round "4"]
[White "Hakki, Imad"]
[Black "Adly, Ahmed"]
[Result "1/2-1/2"]
[WhiteElo "2407"]
[BlackElo "2583"]
[PlyCount "52"]
[EventDate "2009.12.12"]
[EventType "team-swiss"]
[EventRounds "9"]
[EventCountry "TUN"]
[SourceTitle "EXT 2020"]
[Source "ChessBase"]
[SourceDate "2019.10.17"]
[SourceVersion "1"]
[SourceVersionDate "2019.10.17"]
[SourceQuality "1"]
[WhiteTeam "Al Mohafza"]
[BlackTeam "Eastern Company"]
[WhiteTeamCountry "SYR"]
[BlackTeamCountry "EGY"]

1. e4 c5 2. Nf3 a6 3. Nc3 d6 4. d4 cxd4 5. Nxd4 e5 6. Nde2 Nf6 7. h3 b5 8. g4 Bb7 9. Bg2 h6 10. Ng3 Nbd7 11. 0-0 Rc8 12. a4 b4 13. Nd5 Nxd5 14. exd5 g6 15. Ne4 Be7 16. f4 Qb6+ 17. Kh1 Qd4 18. Qe2 Qc4 19. Qf3 Bxd5 20. Nxd6+ Bxd6 21. Qxd5 Qxd5 22. Bxd5 Rc7 23. Bb3 Rc6 24. Bd5 Rxc2 25. Bb3 Rc6 26. Bd5 Rc2 1/2-1/2

[Event "Arab Cities-chT"]
[Site "Cairo"]
[Date "2009.10.28"]
[Round "5"]
[White "Wageih, Kareim"]
[Black "Hakki, Imad"]
[Result "1-0"]
[WhiteElo "2324"]
[BlackElo "2411"]
[PlyCount "85"]
[EventDate "2009.10.25"]
[EventType "team-tourn"]
[EventRounds "9"]
[EventCountry "EGY"]
[SourceTitle "EXT 2010"]
[Source "ChessBase"]
[SourceDate "2010.11.25"]
[SourceVersion "1"]
[SourceVersionDate "2010.11.25"]
[SourceQuality "1"]
[WhiteTeam "Cairo"]
[BlackTeam "Damascus"]
[WhiteTeamCountry "EGY"]
[BlackTeamCountry "SYR"]

1. d4 Nf6 2. Nf3 c5 3. d5 g6 4. c4 e6 5. Nc3 exd5 6. cxd5 d6 7. e4 Bg7 8. h3 0-0 9. Bd3 b5 10. a3 Re8 11. 0-0 a6 12. Re1 Ra7 13. Bf4 Rae7 14. Rc1 Qb6 15. b4 Nbd7 16. Qd2 Bb7 17. Rb1 Nh5 18. Bg5 Ne5 19. Nxe5 Rxe5 20. Be3 Qc7 21. bxc5 dxc5 22. f4 R5e7 23. e5 Rd7 24. d6 Qc8 25. Be4 f6 26. Bd5+ Kh8 27. e6 Rxd6 28. Bxb7 Qc7 29. Bd5 f5 30. Rbd1 b4 31. Na4 Nf6 32. Qa2 Nxd5 33. Bxc5 Nc3 34. Bxd6 Qxd6 35. Rxd6 Nxa2 36. axb4 Nxb4 37. Nb6 Bf8 38. Nc8 Bxd6 39. Nxd6 Re7 40. Nc8 Re8 41. e7 Nc6 42. Re6 Nd4 43. Rd6 1-0

[Event "Mediterranean-ch 6th"]
[Site "Antalya"]
[Date "2009.01.12"]
[Round "3"]
[White "Ersahin, Bulent"]
[Black "Hakki, Imad"]
[Result "0-1"]
[WhiteElo "2127"]
[BlackElo "2417"]
[PlyCount "106"]
[EventDate "2009.01.11"]
[EventType "swiss"]
[EventRounds "9"]
[EventCountry "TUR"]
[SourceTitle "CBM 128 Extra"]
[Source "ChessBase"]
[SourceDate "2009.03.05"]
[SourceVersion "2"]
[SourceVersionDate "2009.03.25"]
[SourceQuality "1"]

1. d4 Nf6 2. c4 e6 3. Nf3 c5 4. d5 d6 5. Nc3 exd5 6. cxd5 g6 7. e4 a6 8. a4 Bg4 9. Be2 Bxf3 10. Bxf3 Nbd7 11. Bf4 Qe7 12. Qb3 Rb8 13. 0-0 Bg7 14. a5 0-0 15. Na4 Ne5 16. Bxe5 Qxe5 17. Nb6 Rfd8 18. Nc4 Qe7 19. Qc2 Nd7 20. Ra3 Ne5 21. Rb3 Rf8 22. Be2 Nxc4 23. Qxc4 Bd4 24. Rb6 Qxe4 25. Rxd6 Rfe8 26. Bd3 Qf4 27. Rd7 b5 28. axb6 Rxb6 29. b3 Re1 30. Qc2 Rf6 31. Rxe1 Bxf2+ 32. Kh1 Bxe1 33. Qxc5 Bb4 34. Qg1 Qd2 35. Bc4 Kg7 36. d6 Bxd6 37. Bxa6 h5 38. Bc4 h4 39. h3 Qf4 40. Rb7 Qg3 41. Rd7 g5 42. Rd8 g4 43. Rd7 Kf8 44. Rxf7+ Rxf7 45. Bxf7 Kxf7 46. hxg4 Kg8 47. b4 Bf4 48. b5 Be5 49. b6 Bf4 50. b7 Bb8 51. g5 Bc7 52. g6 Bd6 53. g7 Bb8 0-1

[Event "Olympiad-38"]
[Site "Dresden"]
[Date "2008.11.23"]
[Round "10"]
[White "Hakki, Imad"]
[Black "Gator, Mosab"]
[Result "1-0"]
[WhiteElo "2422"]
[BlackElo "1984"]
[PlyCount "91"]
[EventDate "2008.11.13"]
[EventType "team-swiss"]
[EventRounds "11"]
[EventCountry "GER"]
[SourceTitle "CBM 128"]
[Source "ChessBase"]
[SourceDate "2009.01.28"]
[SourceVersion "1"]
[SourceVersionDate "2009.01.28"]
[SourceQuality "1"]
[WhiteTeam "Syria"]
[BlackTeam "Libya"]
[WhiteTeamCountry "SYR"]
[BlackTeamCountry "LBY"]

1. e4 Nf6 2. e5 Nd5 3. d4 d6 4. Nf3 Bg4 5. Be2 Nc6 6. c4 Nb6 7. e6 fxe6 8. h3 Bxf3 9. Bxf3 g6 10. d5 Ne5 11. Be2 Qd7 12. f4 Nexc4 13. Bxc4 Nxc4 14. Qd4 Bg7 15. Qxg7 0-0-0 16. Qd4 exd5 17. Qxd5 Nb6 18. Qb3 Rdf8 19. 0-0 e5 20. Nc3 g5 21. fxg5 Rxf1+ 22. Kxf1 d5 23. Kg1 e4 24. Qd1 Re8 25. Qd4 Qd6 26. Nb5 Qg3 27. Qe3 Qe5 28. Nxa7+ Kb8 29. Nb5 d4 30. Qxd4 Qxb5 31. Be3 Qa6 32. b3 Nc8 33. Bf4 Re6 34. Rc1 Nd6 35. Qh8+ Re8 36. Qxh7 Qb6+ 37. Kh2 e3 38. g6 e2 39. Bg3 Nb5 40. Qd7 Re3 41. Qd8+ Ka7 42. Qg5 Nc3 43. g7 e1Q 44. Rxe1 Rxe1 45. Bxe1 Ne2 46. Bf2 1-0

[Event "Olympiad-38"]
[Site "Dresden"]
[Date "2008.11.22"]
[Round "9"]
[White "Pereira, Ruben Miguel Nunes"]
[Black "Hakki, Imad"]
[Result "1-0"]
[WhiteElo "2437"]
[BlackElo "2422"]
[PlyCount "82"]
[EventDate "2008.11.13"]
[EventType "team-swiss"]
[EventRounds "11"]
[EventCountry "GER"]
[SourceTitle "CBM 128"]
[Source "ChessBase"]
[SourceDate "2009.01.28"]
[SourceVersion "1"]
[SourceVersionDate "2009.01.28"]
[SourceQuality "1"]
[WhiteTeam "Portugal"]
[BlackTeam "Syria"]
[WhiteTeamCountry "POR"]
[BlackTeamCountry "SYR"]

1. e4 c5 2. Nf3 d6 3. d4 cxd4 4. Nxd4 Nf6 5. Nc3 g6 6. Bc4 Bg7 7. h3 0-0 8. Bb3 Nc6 9. Be3 Na5 10. 0-0 b6 11. Nd5 Bb7 12. Bg5 e6 13. Nc3 h6 14. Bh4 g5 15. Bg3 Nxb3 16. axb3 Nxe4 17. Nxe4 Bxe4 18. Nb5 d5 19. c3 e5 20. Re1 a6 21. Na3 Re8 22. c4 b5 23. f3 Bf5 24. cxd5 e4 25. fxe4 Bxe4 26. d6 Qd7 27. Qd2 f5 28. Rac1 Rac8 29. Bf2 Kh7 30. b4 Be5 31. Rxc8 Rxc8 32. Bc5 a5 33. Kh1 axb4 34. Bxb4 Rd8 35. Rd1 f4 36. Kg1 Qf5 37. Qf2 h5 38. Nxb5 f3 39. Nd4 Bxd4 40. Qxd4 fxg2 41. Re1 Bf3 1-0

[Event "Amman tt"]
[Site "Amman"]
[Date "2008.06.23"]
[Round "3"]
[White "Al Ali, Hussein Ali Hussein"]
[Black "Hakki, Imad"]
[Result "1/2-1/2"]
[WhiteElo "2366"]
[BlackElo "2429"]
[PlyCount "43"]
[EventDate "2008.06.21"]
[EventType "team"]
[EventRounds "8"]
[EventCountry "JOR"]
[SourceTitle "CBM 125 Extra"]
[Source "ChessBase"]
[SourceDate "2008.09.01"]
[SourceVersion "1"]
[SourceVersionDate "2008.09.01"]
[SourceQuality "1"]

1. e4 e5 2. Nf3 d6 3. Be2 Nf6 4. d3 g6 5. 0-0 Bg7 6. Nbd2 0-0 7. Re1 c5 8. Nc4 b5 9. Ne3 Bb7 10. Bf1 Nbd7 11. Bd2 h6 12. h3 Re8 13. c4 b4 14. a4 a5 15. b3 Nf8 16. Ra2 Bc8 17. Nh2 h5 18. Nf3 Ne6 19. g3 Bd7 20. Nd5 Nh7 21. h4 Rb8 22. Bg2 1/2-1/2

[Event "Amman tt"]
[Site "Amman"]
[Date "2008.06.22"]
[Round "2"]
[White "Hakki, Imad"]
[Black "Mansour, Sameer"]
[Result "1/2-1/2"]
[WhiteElo "2429"]
[BlackElo "2269"]
[PlyCount "62"]
[EventDate "2008.06.21"]
[EventType "team"]
[EventRounds "8"]
[EventCountry "JOR"]
[SourceTitle "CBM 125 Extra"]
[Source "ChessBase"]
[SourceDate "2008.09.01"]
[SourceVersion "1"]
[SourceVersionDate "2008.09.01"]
[SourceQuality "1"]

1. d4 Nf6 2. Nf3 b6 3. g3 Bb7 4. c4 e6 5. Bg2 Bb4+ 6. Bd2 Be7 7. Nc3 Ne4 8. 0-0 0-0 9. d5 Nxc3 10. Bxc3 Bf6 11. Rc1 Bxc3 12. Rxc3 d6 13. Nd2 e5 14. f4 Nd7 15. f5 Rc8 16. b4 a5 17. bxa5 Ra8 18. axb6 Rxa2 19. Ne4 Nf6 20. Nxf6+ gxf6 21. c5 dxc5 22. bxc7 Qxc7 23. Qc1 Rfa8 24. Qh6 Qb6 25. g4 c4+ 26. Kh1 Ra1 27. Rcc1 Rxc1 28. Rxc1 c3 29. Rxc3 Ra1+ 30. Rc1 Qb2 31. Rg1 Qd4 1/2-1/2

[Event "Asia Classical 15th"]
[Site "Doha"]
[Date "2006.12.12"]
[Round "7"]
[White "Shrestha, Bilam Lal"]
[Black "Hakki, Imad"]
[Result "0-1"]
[WhiteElo "2104"]
[BlackElo "2433"]
[PlyCount "90"]
[EventDate "2006.12.06"]
[EventType "swiss"]
[EventRounds "9"]
[EventCountry "QAT"]
[SourceTitle "CBM 115 Extra"]
[Source "ChessBase"]
[SourceDate "2007.01.10"]
[SourceVersion "1"]
[SourceVersionDate "2007.01.10"]
[SourceQuality "1"]

1. e4 c5 2. Nf3 Nc6 3. d4 cxd4 4. Nxd4 Nf6 5. Nc3 d6 6. Bg5 e6 7. Qd2 a6 8. f4 h6 9. Bh4 Nxe4 10. Nxe4 Qxh4+ 11. g3 Qd8 12. 0-0-0 d5 13. Nf2 Qb6 14. Nxc6 bxc6 15. Ng4 Rb8 16. b3 Bb4 17. Qd3 0-0 18. Ne5 a5 19. g4 a4 20. g5 axb3 21. cxb3 Qf2 22. Kb1 Ra8 23. Qe2 Qxf4 24. Nd3 Qf5 25. gxh6 g6 26. h4 Bc3 27. Bh3 Qe4 28. Qc2 Bf6 29. h5 g5 30. Qf2 Qd4 31. Qxd4 Bxd4 32. Rh2 Kh7 33. Rc2 Bd7 34. Ne1 Bh8 35. Nf3 Kxh6 36. Rg1 Rg8 37. Rcg2 f6 38. Nd4 f5 39. Nxe6 Bxe6 40. Re2 Bd7 41. Re7 Rg7 42. Rge1 g4 43. Bf1 f4 44. Bd3 g3 45. Rxg7 Bxg7 0-1

[Event "Asia Classical 15th"]
[Site "Doha"]
[Date "2006.12.10"]
[Round "5"]
[White "Laylo, Darwin"]
[Black "Hakki, Imad"]
[Result "1/2-1/2"]
[WhiteElo "2448"]
[BlackElo "2433"]
[PlyCount "251"]
[EventDate "2006.12.06"]
[EventType "swiss"]
[EventRounds "9"]
[EventCountry "QAT"]
[SourceTitle "CBM 115 Extra"]
[Source "ChessBase"]
[SourceDate "2007.01.10"]
[SourceVersion "1"]
[SourceVersionDate "2007.01.10"]
[SourceQuality "1"]

1. c4 Nf6 2. Nc3 e5 3. g3 Bb4 4. Qb3 Nc6 5. Bg2 0-0 6. d3 a5 7. Bd2 a4 8. Qd1 a3 9. bxa3 Rxa3 10. Nb5 Ra8 11. Bxb4 Nxb4 12. Qd2 Na6 13. Nf3 d6 14. 0-0 Nc5 15. Nc3 Re8 16. e4 c6 17. Nh4 Ra3 18. Rac1 Qa5 19. Rc2 Na6 20. Nb1 Qxd2 21. Rxd2 Ra4 22. Nc3 Ra3 23. Rc1 g5 24. Nf3 h6 25. Ne1 Nc5 26. Ne2 g4 27. Rc3 Ra7 28. Nc1 Be6 29. Nc2 Rea8 30. Ne3 Ra3 31. Rdc2 Kf8 32. Kf1 Ke7 33. Ke2 Kd8 34. f4 gxf3+ 35. Bxf3 Kc7 36. Rxa3 Rxa3 37. Kd2 Bc8 38. Rb2 Be6 39. Nb3 Na4 40. Rc2 Nd7 41. Bg4 Nac5 42. Nc1 Nf6 43. Bf3 h5 44. Rb2 Ra8 45. Nb3 Rh8 46. Nxc5 dxc5 47. Kc3 h4 48. gxh4 Rxh4 49. Rf2 Ne8 50. a4 Nd6 51. Kd2 Kb6 52. Bd1 Ka5 53. Bc2 Kb4 54. Re2 Rh3 55. Rf2 Rh4 56. Bd1 Nc8 57. Bc2 Nb6 58. Nf1 Rh3 59. Ng3 Nxa4 60. Bxa4 Kxa4 61. Kc3 Ka5 62. Ra2+ Kb6 63. Rf2 Kc7 64. Rb2 Rh7 65. Nf1 Rh3 66. Ng3 Bd7 67. Rf2 Rh7 68. Ne2 Be6 69. Ng1 b5 70. Nf3 f6 71. Nd2 Rh6 72. h4 Kd6 73. Rf1 Ke7 74. Rh1 Bf7 75. Nb3 Kd6 76. Rf1 Be6 77. Nd2 Bf7 78. Nb3 Rg6 79. Nd2 Ke7 80. Rf2 Rg4 81. Rh2 Bh5 82. Nb3 Kd6 83. Rf2 Rf4 84. Rh2 Rf3 85. Nd2 Rg3 86. Rf2 Ke7 87. Rh2 Re3 88. Nf1 Re2 89. Rxe2 Bxe2 90. Ng3 Bg4 91. Nf1 Kf7 92. Ne3 Be6 93. Nf1 Kg6 94. Nd2 Bc8 95. Nb3 bxc4 96. dxc4 Kh5 97. Nxc5 Kxh4 98. Kd2 Kg5 99. Ke3 Kg6 100. Nb3 Be6 101. Na5 Bd7 102. Nb3 Kf7 103. Nd2 Ke7 104. Nf1 Kd6 105. Kd3 Bg4 106. Ng3 Kc5 107. Kc3 Bf3 108. Kd3 Kb4 109. Nf5 Bg4 110. Ne7 Bd7 111. Ng6 Be6 112. Nf8 Bxc4+ 113. Kd2 Bf7 114. Nd7 Kc4 115. Ke3 c5 116. Nxf6 Be6 117. Nh7 Kb3 118. Ng5 Bc8 119. Nf3 c4 120. Nxe5 c3 121. Nf3 Kb2 122. Nd4 Ba6 123. Kf2 Bc4 124. Ke1 Kc1 125. e5 Kb2 126. Kd1 1/2-1/2

[Event "Asia rap (Men) 15th"]
[Site "Doha"]
[Date "2006.12.04"]
[Round "9"]
[White "Hakki, Imad"]
[Black "Galappaththi, Chinthaka Anuruddh"]
[Result "1-0"]
[WhiteElo "2433"]
[BlackElo "2204"]
[PlyCount "61"]
[EventDate "2006.12.02"]
[EventType "swiss (rapid)"]
[EventRounds "9"]
[EventCountry "QAT"]
[SourceTitle "CBM 115 Extra"]
[Source "ChessBase"]
[SourceDate "2007.01.10"]
[SourceVersion "1"]
[SourceVersionDate "2007.01.10"]
[SourceQuality "1"]

1. e4 e6 2. d4 d5 3. Nc3 Nf6 4. Bg5 Be7 5. e5 Nfd7 6. h4 h6 7. Bxe7 Qxe7 8. Nb5 Nb6 9. c3 a6 10. Na3 c5 11. f4 Nc6 12. Nf3 cxd4 13. cxd4 Qb4+ 14. Qd2 Bd7 15. Qxb4 Nxb4 16. Kd2 Rc8 17. b3 Ke7 18. Bd3 Rc7 19. Nc2 Nxd3 20. Kxd3 Rhc8 21. Rhc1 f6 22. Kd2 g5 23. exf6+ Kxf6 24. hxg5+ hxg5 25. fxg5+ Kf5 26. Ne3+ Kf4 27. Rh1 e5 28. dxe5 Kg3 29. Nd4 Rf8 30. Raf1 Rxf1 31. Ne2+ 1-0

[Event "Asia rap (Men) 15th"]
[Site "Doha"]
[Date "2006.12.04"]
[Round "8"]
[White "Reefat, Bin Sattar"]
[Black "Hakki, Imad"]
[Result "1-0"]
[WhiteElo "2489"]
[BlackElo "2433"]
[PlyCount "79"]
[EventDate "2006.12.02"]
[EventType "swiss (rapid)"]
[EventRounds "9"]
[EventCountry "QAT"]
[SourceTitle "CBM 115 Extra"]
[Source "ChessBase"]
[SourceDate "2007.01.10"]
[SourceVersion "1"]
[SourceVersionDate "2007.01.10"]
[SourceQuality "1"]

1. e4 e5 2. Nf3 Nc6 3. Bc4 Nf6 4. d3 Bc5 5. c3 d6 6. Bb3 0-0 7. 0-0 Kh8 8. Be3 Bxe3 9. fxe3 d5 10. exd5 Nxd5 11. Qe1 Be6 12. Nbd2 f6 13. Qg3 Qd7 14. Rae1 Nde7 15. Bc2 Bf5 16. Rd1 Rad8 17. Nb3 b6 18. e4 Bg6 19. d4 exd4 20. Nbxd4 Nxd4 21. cxd4 Bh5 22. Qh4 Qg4 23. Qe1 Qe6 24. Qc3 Qc6 25. Qd3 Ng6 26. Rd2 Nf4 27. Qe3 g5 28. d5 Qd6 29. Nd4 Rde8 30. Nf5 Qe5 31. Qa3 Bg6 32. g3 Nh3+ 33. Kg2 g4 34. d6 cxd6 35. Qxa7 Bxf5 36. Rxf5 Qxb2 37. Rh5 Ng5 38. Rxg5 fxg5 39. e5 Rf5 40. Qxh7+ 1-0

[Event "Asia rap (Men) 15th"]
[Site "Doha"]
[Date "2006.12.03"]
[Round "5"]
[White "Hakki, Imad"]
[Black "Kojima, Shinya"]
[Result "0-1"]
[WhiteElo "2433"]
[BlackElo "2187"]
[PlyCount "56"]
[EventDate "2006.12.02"]
[EventType "swiss (rapid)"]
[EventRounds "9"]
[EventCountry "QAT"]
[SourceTitle "CBM 115 Extra"]
[Source "ChessBase"]
[SourceDate "2007.01.10"]
[SourceVersion "1"]
[SourceVersionDate "2007.01.10"]
[SourceQuality "1"]

1. e4 c5 2. Nc3 Nc6 3. Nf3 g6 4. d4 cxd4 5. Nxd4 Bg7 6. Be3 Nf6 7. Bc4 d6 8. f3 0-0 9. Qd2 Bd7 10. 0-0-0 Rb8 11. Bb3 Na5 12. Bh6 Bxh6 13. Qxh6 b5 14. Kb1 e5 15. Nde2 Nxb3 16. axb3 b4 17. Na4 Bxa4 18. bxa4 b3 19. Qd2 bxc2+ 20. Qxc2 Qb6 21. Nc3 Rfc8 22. g4 Rc4 23. g5 Nd7 24. Rd2 Nc5 25. Rhd1 Qa5 26. Rxd6 Rxc3 27. Qd2 Rxb2+ 28. Kxb2 Qb4+ 0-1

[Event "Asia rap (Men) 15th"]
[Site "Doha"]
[Date "2006.12.03"]
[Round "6"]
[White "Tamra, Attallah"]
[Black "Hakki, Imad"]
[Result "0-1"]
[WhiteElo "2102"]
[BlackElo "2433"]
[PlyCount "69"]
[EventDate "2006.12.02"]
[EventType "swiss (rapid)"]
[EventRounds "9"]
[EventCountry "QAT"]
[SourceTitle "CBM 115 Extra"]
[Source "ChessBase"]
[SourceDate "2007.01.10"]
[SourceVersion "1"]
[SourceVersionDate "2007.01.10"]
[SourceQuality "1"]

1. d4 Nf6 2. c4 e6 3. g3 c5 4. d5 exd5 5. cxd5 d6 6. Bg2 g6 7. Nf3 Bg7 8. 0-0 0-0 9. Nc3 a6 10. a4 Re8 11. Bf4 Ne4 12. Nxe4 Rxe4 13. Nd2 Rb4 14. Rb1 g5 15. Be3 Bf5 16. Rc1 Bxb2 17. Rc4 a5 18. Rxb4 axb4 19. Nc4 Bg7 20. h4 gxh4 21. gxh4 Bd7 22. Bg5 Qc7 23. Bf4 Ra6 24. e3 b5 25. axb5 Bxb5 26. Qg4 Bxc4 27. Bh6 f5 28. Qxf5 Bxh6 29. Qg4+ Bg7 30. Qxc4 Ra3 31. Bh3 Nd7 32. Qb5 Nf6 33. Rc1 Ra7 34. h5 h6 35. Qd3 0-1

[Event "Kalamaria op 3rd"]
[Site "Kalamaria"]
[Date "2006.09.06"]
[Round "9"]
[White "Hakki, Imad"]
[Black "Kiratzopoulos, Efthimios"]
[Result "1-0"]
[WhiteElo "2447"]
[BlackElo "2133"]
[PlyCount "69"]
[EventDate "2006.08.30"]
[EventType "swiss"]
[EventRounds "9"]
[EventCountry "GRE"]
[SourceTitle "EXT 2007"]
[Source "ChessBase"]
[SourceDate "2006.11.23"]
[SourceVersion "1"]
[SourceVersionDate "2006.11.23"]
[SourceQuality "1"]

1. Nf3 c5 2. c4 Nc6 3. d4 cxd4 4. Nxd4 g6 5. Nc3 Bg7 6. Nc2 d6 7. e4 Nh6 8. Bg5 0-0 9. Qd2 Ng4 10. f3 h6 11. Bf4 Nge5 12. Bxh6 Bxh6 13. Qxh6 Qb6 14. b3 f5 15. Qe3 Qa5 16. Rd1 Nb4 17. Nxb4 Qxb4 18. Qd2 fxe4 19. Nxe4 Qb6 20. Be2 Bf5 21. Nc3 Nc6 22. Nd5 Qd8 23. 0-0 Kg7 24. f4 Rh8 25. Rf2 e6 26. Qc3+ Kf7 27. Ne3 Be4 28. g3 Rh7 29. Bf1 Qe7 30. Bd3 Bf5 31. Be2 Be4 32. b4 Rah8 33. b5 Rh3 34. Ng4 Nb8 35. Bf1 1-0

[Event "Kalamaria op 3rd"]
[Site "Kalamaria"]
[Date "2006.09.02"]
[Round "4"]
[White "Gelashvili, Tamaz"]
[Black "Hakki, Imad"]
[Result "1-0"]
[WhiteElo "2575"]
[BlackElo "2447"]
[PlyCount "107"]
[EventDate "2006.08.30"]
[EventType "swiss"]
[EventRounds "9"]
[EventCountry "GRE"]
[SourceTitle "EXT 2007"]
[Source "ChessBase"]
[SourceDate "2006.11.23"]
[SourceVersion "1"]
[SourceVersionDate "2006.11.23"]
[SourceQuality "1"]

1. e4 c5 2. b3 d6 3. Bb2 Nf6 4. Bb5+ Nbd7 5. d3 e5 6. a4 Be7 7. Ne2 0-0 8. Nbc3 a6 9. Bc4 Nb6 10. a5 Nxc4 11. dxc4 Be6 12. 0-0 Nd7 13. Nd5 Nf6 14. Nxf6+ Bxf6 15. Qd3 Rc8 16. Nc3 Bg5 17. Bc1 Bxc1 18. Rfxc1 Qe7 19. Rd1 Rcd8 20. Rd2 g6 21. Nd5 Bxd5 22. Qxd5 Kg7 23. c3 f5 24. b4 fxe4 25. Re1 cxb4 26. cxb4 Qf7 27. Qxe4 Rc8 28. c5 dxc5 29. Qxe5+ Kg8 30. bxc5 Rfe8 31. Qa1 Rxc5 32. Rxe8+ Qxe8 33. h3 Re5 34. Rd8 Qxd8 35. Qxe5 Kf7 36. Qc5 Qd1+ 37. Kh2 Qd7 38. Kg3 Qd3+ 39. f3 Qd7 40. Qc4+ Kg7 41. f4 Qe7 42. Qc3+ Kg8 43. Kf3 Qd7 44. Qc4+ Kg7 45. Ke3 Qe7+ 46. Kd3 Kh6 47. Qd5 Qa3+ 48. Ke2 Qb2+ 49. Kf3 Qc3+ 50. Kg4 Qc8+ 51. Kh4 Kg7 52. g4 h6 53. g5 Kh7 54. Qf7+ 1-0

[Event "Kalamaria op 3rd"]
[Site "Kalamaria"]
[Date "2006.09.01"]
[Round "3"]
[White "Hakki, Imad"]
[Black "Grapsa, Georgia"]
[Result "1-0"]
[WhiteElo "2447"]
[BlackElo "2098"]
[PlyCount "83"]
[EventDate "2006.08.30"]
[EventType "swiss"]
[EventRounds "9"]
[EventCountry "GRE"]
[SourceTitle "EXT 2007"]
[Source "ChessBase"]
[SourceDate "2006.11.23"]
[SourceVersion "1"]
[SourceVersionDate "2006.11.23"]
[SourceQuality "1"]

1. e4 c5 2. Nf3 d6 3. d4 cxd4 4. Nxd4 Nf6 5. Nc3 a6 6. Bg5 e6 7. f4 Nc6 8. Qd2 h6 9. Bxf6 Qxf6 10. Nf3 Qd8 11. 0-0-0 Be7 12. Bd3 g5 13. Kb1 Bd7 14. f5 Qb6 15. fxe6 Bxe6 16. Nd5 Bxd5 17. exd5 Bf6 18. c3 Ne5 19. Nxe5 Bxe5 20. Bf5 Ke7 21. h4 f6 22. Rh3 Rag8 23. g4 Kd8 24. Be6 Rf8 25. c4 Qc5 26. Bf5 a5 27. Rb3 Bf4 28. Qc3 Be5 29. Qe1 b6 30. Rb5 Qc7 31. h5 Re8 32. Be6 Ke7 33. Qe4 Rb8 34. Rd3 Kf8 35. Rdb3 Rh7 36. Qg6 Rg7 37. Qxh6 f5 38. c5 dxc5 39. Bxf5 c4 40. Rf3 Bf4 41. Qh8+ Kf7 42. Be6+ 1-0

[Event "Athens Acropolis op"]
[Site "Athens"]
[Date "2006.08.19"]
[Round "7"]
[White "Tsanas, Athanasios"]
[Black "Hakki, Imad"]
[Result "1/2-1/2"]
[WhiteElo "2286"]
[BlackElo "2447"]
[PlyCount "44"]
[EventDate "2006.08.13"]
[EventType "swiss"]
[EventRounds "9"]
[EventCountry "GRE"]
[SourceTitle "CBM 113 Extra"]
[Source "ChessBase"]
[SourceDate "2006.09.14"]
[SourceVersion "1"]
[SourceVersionDate "2006.09.14"]
[SourceQuality "1"]

1. Nf3 Nf6 2. c4 g6 3. Nc3 Bg7 4. e4 d6 5. d4 0-0 6. Be2 e5 7. 0-0 Na6 8. Be3 Ng4 9. Bg5 Qe8 10. dxe5 dxe5 11. h3 h6 12. Bc1 Nf6 13. Be3 Qe7 14. Nd5 Qd8 15. Nxf6+ Qxf6 16. c5 Nb8 17. b4 Nc6 18. b5 Nd4 19. Bxd4 exd4 20. e5 Qe7 21. Qxd4 Rd8 22. Qe3 Be6 1/2-1/2

[Event "Athens Acropolis op"]
[Site "Athens"]
[Date "2006.08.13"]
[Round "1"]
[White "Sandalakis, Angelos"]
[Black "Hakki, Imad"]
[Result "1-0"]
[WhiteElo "2220"]
[BlackElo "2447"]
[PlyCount "153"]
[EventDate "2006.08.13"]
[EventType "swiss"]
[EventRounds "9"]
[EventCountry "GRE"]
[SourceTitle "CBM 113 Extra"]
[Source "ChessBase"]
[SourceDate "2006.09.14"]
[SourceVersion "1"]
[SourceVersionDate "2006.09.14"]
[SourceQuality "1"]

1. Nf3 Nf6 2. b3 g6 3. Bb2 Bg7 4. e3 0-0 5. c4 c5 6. Be2 d6 7. d4 cxd4 8. Nxd4 d5 9. 0-0 dxc4 10. Bxc4 a6 11. a4 Qc7 12. Qc1 e5 13. Ne2 Nc6 14. Rd1 Re8 15. Ba3 e4 16. Bd6 Qa5 17. Nbc3 Be6 18. Bxe6 Rxe6 19. Qa3 g5 20. b4 Qf5 21. Ra2 Qg6 22. Rad2 Ne5 23. Bxe5 Rxe5 24. Qb3 Rae8 25. Rd8 Bf8 26. Qc4 h5 27. Rxe8 Rxe8 28. b5 Ng4 29. h3 Nf6 30. bxa6 bxa6 31. Qxa6 Qf5 32. Qb5 Re5 33. Qb8 Re8 34. Qb1 h4 35. Nd4 Qa5 36. Qb3 Rc8 37. Ncb5 Ra8 38. Ra1 Ra6 39. Nf5 Qd2 40. Rd1 Qb4 41. Qxb4 Bxb4 42. Rd8+ Kh7 43. Rd4 Bc5 44. Rc4 Bf8 45. Nc7 Ra5 46. Nd4 Bd6 47. Ncb5 Bf8 48. Nb3 Ra8 49. a5 Rb8 50. a6 Rxb5 51. a7 Rxb3 52. a8Q Rb1+ 53. Kh2 Bd6+ 54. g3 hxg3+ 55. fxg3 Rb2+ 56. Kg1 Rb1+ 57. Kg2 Rb2+ 58. Kf1 Bxg3 59. Qc6 Rf2+ 60. Kg1 Kg7 61. Rc5 Rf3 62. Rxg5+ Kh6 63. Qb5 Bf2+ 64. Kg2 Bxe3 65. Rf5 Rxf5 66. Qxf5 Kg7 67. h4 Bh6 68. Kf2 e3+ 69. Kf3 Nh7 70. Qg4+ Kh8 71. Qd4+ Kg8 72. Kg4 Nf8 73. Kh5 Kh7 74. Qf6 Bg7 75. Qxf7 e2 76. Qf5+ Kh8 77. Qe4 1-0

[Event "Nikaia op 14th"]
[Site "Nikaia"]
[Date "2006.08.??"]
[Round "5"]
[White "Hakki, Imad"]
[Black "Kordis, Konstantinos"]
[Result "1/2-1/2"]
[WhiteElo "2447"]
[BlackElo "2211"]
[PlyCount "108"]
[EventDate "2006.08.??"]
[EventType "swiss"]
[EventRounds "9"]
[EventCountry "GRE"]
[SourceTitle "EXT 2008"]
[Source "ChessBase"]
[SourceDate "2007.11.25"]
[SourceVersion "1"]
[SourceVersionDate "2007.11.25"]
[SourceQuality "1"]

1. e4 c5 2. Nf3 e6 3. Nc3 a6 4. g3 d6 5. d4 cxd4 6. Nxd4 Nf6 7. Bg2 Be7 8. 0-0 Qc7 9. f4 Nc6 10. Be3 0-0 11. Kh1 Bd7 12. a4 Rac8 13. Nb3 Na5 14. Nxa5 Qxa5 15. Qe1 Kh8 16. Bd2 Qc7 17. a5 Bc6 18. Be3 Nd7 19. g4 Nc5 20. b4 Nd7 21. Ra3 f5 22. exf5 Bxg2+ 23. Kxg2 Qc6+ 24. Kg1 exf5 25. g5 d5 26. Rb3 Qc4 27. Qd1 Bxb4 28. Nxd5 Bc5 29. Re1 Rfe8 30. Rxb7 Rxe3 31. Nxe3 Qxf4 32. Rxd7 Bxe3+ 33. Kg2 Qxg5+ 34. Kh1 f4 35. Qd5 Qxd5+ 36. Rxd5 h6 37. Re2 g5 38. Rd6 Kg7 39. Rxa6 Rd8 40. h3 h5 41. Re6 Rd1+ 42. Kg2 g4 43. hxg4 hxg4 44. R2xe3 fxe3 45. Rxe3 Rd2+ 46. Kg3 Rxc2 47. Ra3 Rc7 48. Kxg4 Kf6 49. Kf4 Ke6 50. a6 Ra7 51. Rh3 Kd5 52. Rh6 Kc5 53. Ke4 Kb5 54. Kd4 Rxa6 1/2-1/2